000 01039cab a2200277 4500
001 ABS37335
008 090401t1987 xxu||||| |||| 00| 0 eng d
035 _a(Sirsi) u3770
041 _aeng
100 _aEvans, R.
245 4 _aThe rule in Bain v Fothergill - an early demise?
260 _c1987
350 _a0
490 _aLaw Society`s Gazette
_v84 (1) 7 January 1987, 26-27 (2)
520 _aAs a result of the decisions in recent cases Sharneyford Supplies Ltd v Edge and Ray v Druce , this article discusses whether the days of the rule in Bain v Fothergill are coming to an end. Looks at the problem of limiting the rule, and its possible abolition, especially since the Law Commission working paper which recommended that it be abolished.
650 _aCONTRACT FOR SALE
650 _aDAMAGES
650 _aNEGLIGENCE
650 _aSALE OF LAND
650 _aTITLE TO LAND
650 _aVENDOR AND PURCHASER
690 _aPROPERTY LAW AND PRACTICE
700 _aRank, P.
942 _n0
948 _c04/03/1997
999 _c2297
_d2297